Blas Galindo. (Record no. 5892)
[ view plain ]
| 000 -CABECERA | |
|---|---|
| campo de control de longitud fija | 00770ngm a2200205 a 4500 |
| 005 - FECHA Y HORA DE LA ÚLTIMA TRANSACCIÓN | |
| campo de control | 20240426162217.0 |
| 008 - ELEMENTOS DE LONGITUD FIJA--INFORMACIÓN GENERAL | |
| campo de control de longitud fija | 991125s1980 mx 025 aaspa u |
| 035 ## - NÚMERO DE CONTROL DEL SISTEMA | |
| Número de control de sistema | UPN01000005892 |
| 049 ## - COLECCIÓN | |
| Colección | AV |
| 050 #4 - SIGNATURA TOPOGRÁFICA DE LA BIBLIOTECA DEL CONGRESO | |
| Número de clasificación | PVI C 0618 |
| 245 00 - MENCIÓN DE TÍTULO | |
| Título | Blas Galindo. |
| 260 ## - PUBLICACIÓN, DISTRIBUCIÓN, ETC. | |
| Lugar de publicación, distribución, etc. | México : |
| Nombre del editor, distribuidor, etc. | CNCA : |
| -- | SEP, Televisión Educativa. |
| Fecha de publicación, distribución, etc. | [198-]. |
| 300 ## - DESCRIPCIÓN FÍSICA | |
| Extensión | 1 videocasete (VHS) (25 min.) |
| 440 #4 - MENCIÓN DE SERIE/ASIENTO SECUNDARIO--TÍTULO | |
| Título | Los nuestros ; |
| Designación de volumen o secuencia | 11 |
| 520 ## - NOTA DE RESUMEN, ETC. | |
| Sumario, etc. | Blas Galindo, compositor y director de orquesta que obtuvo el Premio Nacional de Artes en 1964 y fue miembro fundadorde la Academia de Artes de México |
| 520 ## - NOTA DE RESUMEN, ETC. | |
| Sumario, etc. | Realización: Alberto Bojórquez |
| 520 ## - NOTA DE RESUMEN, ETC. | |
| Sumario, etc. | Con: Héctor Azar -- Pedro Ramírez Vázquez -- Carlos Mérida |
| 600 12 - ASIENTO SECUNDARIO DE MATERIA - NOMBRE PERSONAL | |
| Nombre de persona | Galindo, Blas, |
| Fechas asociadas al nombre | 1910-1993 |
| 9 (RLIN) | 22958 |
| 905 ## - TIPO DE MATERIAL | |
| Tipo de material | Audiovisuales |
| Estado de retiro | Estado de pérdida | Fuente del sistema de clasificación o colocación | Estado dañado | No para préstamo | Código de colección | Localización permanente | Ubicación/localización actual | Ubicación en estantería | Total de préstamos | Clasificación | Código de barras | Fecha visto por última vez | Número de copia | Tipo de ítem Koha |
|---|---|---|---|---|---|---|---|---|---|---|---|---|---|---|
| Library of Congress Classification | Audiovisuales | Bib. Gregorio Torres Quintero | Bib. Gregorio Torres Quintero | Audiovisual | PVI C 0618 | 618PVI | 31/12/2020 | 1 | Videocasete |
